000 01339nam a2200229Ia 4500
003 Ost
005 20260507075258.0
008 260507s9999||||xx |||||||||||||| ||und||
040 _cfsecg
041 _aara
082 _a330
100 _aمرعي، عبد الحي
_eمؤلف
245 0 _aأساسيات محاسبة التكاليف /
_c عبد الحي مرعي
260 _aالاسكندرية:
_bالمكتب الجمعي الحديث,
_c2006
300 _a403 صفحة؛
_bإيضاحات ؛
_c24 سم
520 _aأهداف محاسبة التكاليف في الماضي و الحاضر و المستقبل و موقعها من التنظيم ، مفاهيم التكلفة و عناصرها ، نظم الانتاج و قياس التكلفة ، سجلات و تقارير التكاليف و دورة تسجيل المصروفات و الايرادات ، الرقابة على المواد و الخدمات و المحاسبة عند تكلفة العمل و الرقابة عليها ، المحاسبة عن التكلفة الصناعية غير المباشرة و الرقابة عليها .
653 _aالتكاليف الصناعية
653 _aالمحاسبة
653 _aمحاسبة التكاليف
700 _aمرعي، عطية عبد الجي
_eمؤلف ثانوي
942 _cكتاب
999 _c43774
_d43774